भारत की अजेय नौसेना / (Record no. 118711)

MARC details
000 -LEADER
fixed length control field 01277nam a22002777a 4500
005 - DATE AND TIME OF LATEST TRANSACTION
control field 20170124103119.0
010 ## - LIBRARY OF CONGRESS CONTROL NUMBER
LC control number B-038406
020 ## - INTERNATIONAL STANDARD BOOK NUMBER
Terms of availability 175.00
International Standard Book Number 8173153574
035 ## - SYSTEM CONTROL NUMBER
System control number B-038406
037 ## - SOURCE OF ACQUISITION
Source of stock number/acquisition Cen Lib/Ret
040 ## - CATALOGING SOURCE
Original cataloging agency DPL
Language of cataloging HN
082 ## - DEWEY DECIMAL CLASSIFICATION NUMBER
Classification number 359.0954
Item number केतक
100 ## - MAIN ENTRY--PERSONAL NAME
Personal name केतकर, दत्तात्रय रामचन्द्र
9 (RLIN) 81569
245 ## - TITLE STATEMENT
Title भारत की अजेय नौसेना /
Statement of responsibility, etc दत्तात्रय रामचन्द्र केतकर ; अनुवादक मो.ग. तपस्वी
246 ## - VARYING FORM OF TITLE
Title proper/short title Bharat ki ajey nausena /
Remainder of title by Dattatray Ramchandra Ketkar ; anuvadak Mo. G. Tapsvi
260 ## - PUBLICATION, DISTRIBUTION, ETC. (IMPRINT)
Place of publication, distribution, etc दिल्ली
Name of publisher, distributor, etc प्रभात प्रकाशन
Date of publication, distribution, etc 2001
270 ## - ADDRESS
City दिल्ली
Address 4/11, आसफ अली रोड
Postal code 110002
300 ## - PHYSICAL DESCRIPTION
Extent 158पृ.
Dimensions 21सेमी(सजिल्द )
500 ## - GENERAL NOTE
General note सन्दर्भ सूची शामिल
650 ## - SUBJECT ADDED ENTRY--TOPICAL TERM
Topical term or geographic name as entry element नौसेना--भारत
General subdivision
Geographic subdivision
9 (RLIN) 81570
650 ## - SUBJECT ADDED ENTRY--TOPICAL TERM
Topical term or geographic name as entry element नाविक संघर्ष
9 (RLIN) 81571
650 ## - SUBJECT ADDED ENTRY--TOPICAL TERM
Topical term or geographic name as entry element Navy--India
9 (RLIN) 81572
650 ## - SUBJECT ADDED ENTRY--TOPICAL TERM
Topical term or geographic name as entry element Sailor conflict
9 (RLIN) 81573
700 ## - ADDED ENTRY--PERSONAL NAME
Personal name तपस्वी, मो.ग.
9 (RLIN) 81574
942 ## - ADDED ENTRY ELEMENTS (KOHA)
Source of classification or shelving scheme Dewey Decimal Classification
Koha item type Hindi Books
Classification part 359.0954
Call number suffix केतक
Holdings
Withdrawn status Lost status Damaged status Not for loan Home library Current library Date acquired Source of acquisition Cost, normal purchase price Total Checkouts Full call number Barcode Date last seen Copy number Cost, replacement price Price effective from Koha item type
        Central Library Central Library 12/09/2015 Cen Lib/Ref 175.00   359.0954 केतक B-038406 12/09/2015 1 175.00 12/09/2015 Hindi Books

© Delhi Public Library
Hit Counter
free hit counter